Estelas, laberintos, nuevas sendas : (Record no. 60651)

MARC details
000 -LEADER
campo de control de longitud fija 01291nam a2200301 i 4500
001 - NÚMERO DE CONTROL
campo de control 60651
003 - IDENTIFICADOR DE NÚMERO DE CONTROL
campo de control ES-MaACL
005 - FECHA Y HORA DE LA ÚLTIMA TRANSACCIÓN
campo de control 20230906164259.0
007 - CAMPO FIJO DE DESCRIPCIÓN FÍSICA--INFORMACIÓN GENERAL
campo de control de longitud fija t|
008 - DATOS DE LONGITUD FIJA--INFORMACIÓN GENERAL
campo de control de longitud fija 031105s1988 sp |||| | spa d
020 ## - NÚMERO INTERNACIONAL ESTÁNDAR DEL LIBRO
Número Internacional Estándar del Libro 84-7658-068-1
245 00 - MENCIÓN DEL TÍTULO
Título Estelas, laberintos, nuevas sendas :
Resto del título Unamuno, Valle-Inclán, García Lorca, la guerra civil /
Mención de responsabilidad, etc. Ángel G. Loureiro (coord.) ; Iris M. Zavala ... [et al.].
250 ## - MENCION DE EDICION
Mención de edición 1ª ed.
260 ## - PUBLICACIÓN, DISTRIBUCIÓN, ETC.
Lugar de publicación, distribución, etc. Barcelona :
Nombre del editor, distribuidor, etc. Anthropos,
Fecha de publicación, distribución, etc. 1988.
300 ## - DESCRIPCIÓN FÍSICA
Extensión 430 p. ;
Dimensiones 20 cm.
490 1# - MENCIÓN DE SERIE
Mención de serie Autores, textos y temas. Literatura ;
Designación de volumen o secuencia 1
594 ## - Nota al título y mención de responsabilidad
Nota al título y mención de responsabilidad Ponencias del Simposio "Spain'36" celebrado en octubre de 1986 en Amherst y Northampton.
600 14 - PUNTO DE ACCESO ADICIONAL DE MATERIA--NOMBRE DE PERSONA
Nombre de persona Unamuno, Miguel de,
Fechas asociadas al nombre 1864-1936-
Subdivisión de forma Congresos y asambleas
9 (RLIN) 111983
600 14 - PUNTO DE ACCESO ADICIONAL DE MATERIA--NOMBRE DE PERSONA
Nombre de persona Valle-Inclán, Ramón del,
Fechas asociadas al nombre 1866-1936-
Subdivisión de forma Congresos y asambleas
9 (RLIN) 112799
600 14 - PUNTO DE ACCESO ADICIONAL DE MATERIA--NOMBRE DE PERSONA
Nombre de persona García Lorca, Federico,
Fechas asociadas al nombre 1898-1936-
Subdivisión de forma Congresos y asambleas
9 (RLIN) 54855
651 #4 - PUNTO DE ACCESO ADICIONAL DE MATERIA--NOMBRE GEOGRÁFICO
Nombre geográfico España-
Subdivisión general Historia-
Subdivisión cronológica 1936-1939, Guerra civil-
Subdivisión de forma Congresos y asambleas.
9 (RLIN) 142924
700 1# - ENTRADA AGREGADA--NOMBRE PERSONAL
Nombre de persona Loureiro, Angel G.
9 (RLIN) 74325
700 1# - ENTRADA AGREGADA--NOMBRE PERSONAL
Nombre de persona Zavala, Iris M.
9 (RLIN) 118105
711 2# - ENTRADA AGREGADA--NOMBRE DE REUNIÓN
Nombre de congreso/reunión o jurisdicción como elemento de entrada Spain'36 (
Fecha del congreso o de la firma del tratado 1986.
Sede del congreso/Lugar de la reunión Amherst y Northampton)
9 (RLIN) 172369
830 1# - PUNTO DE ACCESO ADICIONAL DE SERIE-TÍTULO UNIFORME
Título uniforme Autores, textos y temas. Literatura ;
Designación de volumen o secuencia 1
9 (RLIN) 177410
852 ## - LOCALIZACIÓN
Ubicación ES-MaACL
Número de control de estantería G-12582
Holdings
Estatus retirado Estado de pérdida Estado de daño No para préstamo Biblioteca de origen Biblioteca actual Ubicación en estantería Fecha de adquisición Fuente de adquisición Total de préstamos Signatura topográfica completa Código de barras Visto por última vez Precio de reemplazo Tipo de ítem Koha
        Biblioteca del Ateneo de Madrid Biblioteca del Ateneo de Madrid Sala Pecera Planta 3 17/01/2008     G-12582 1063608 23/02/2023 23/02/2023 Libro impreso